El Parc del Coneixement [de Flor de Maig]
Descripción Física:
[8] p. : il. col. ; 21 x 10 cm
MARC
| LEADER | 00000nam a2200000Ia 4500 | ||
|---|---|---|---|
| 001 | 24274 | ||
| 008 | 160829s9999 xx 000 0 cat d | ||
| 080 | |a FU-64-113 | ||
| 245 | |a El Parc del Coneixement [de Flor de Maig] | ||
| 260 | |a [Barcelona] : |b Diputació de Barcelona. Xarxa de Municipis, s.a. | ||
| 300 | |a [8] p. : |b il. col. ; |c 21 x 10 cm | ||
| 610 | 0 | |a Organisme Autònom Flor de Maig |x Guies |9 54172 | |
| 650 | |a Formació professional |x Cerdanyola del Vallès |9 49491 | ||
| 710 | |a Flor de Maig |9 54173 | ||
| 710 | 1 | |a Barcelona (Catalunya : Província). |b Diputació |9 52408 | |
| 901 | |a Arxiu | ||
| 942 | |n 1 | ||
| 952 | |0 0 |1 0 |4 0 |6 FU64113 |7 1 |9 55530 |a Arxiu |b Arxiu |d 2016-12-01 |l 0 |o FU-64-113 |p 24274 |r 2016-12-01 00:00:00 |w 2016-12-01 |y ARXIU | ||
| 999 | |c 59403 |d 59403 | ||